| 000 | 00347nam a22001217a 4500 | ||
|---|---|---|---|
| 008 | 230605b xxu||||| |||| 00| 0 eng d | ||
| 082 |
_a316.6762 _bKNB |
||
| 110 | _d2011 | ||
| 245 |
_aStatistical Abstract 2011 _cKenya National Bureau of Statistics |
||
| 260 |
_aNairobi _bKenya National Bureau of Statistics _c2011 |
||
| 300 | _a304 p | ||
| 942 |
_2ddc _cBK |
||
| 999 |
_c216 _d216 |
||